| 000 | 00714nam a22002417a 4500 | ||
|---|---|---|---|
| 999 |
_c4330 _d4330 |
||
| 001 | 3778 | ||
| 003 | BD-DhUAP | ||
| 005 | 20201205115554.0 | ||
| 008 | 201108r1999 ii a b 001 0 eng d | ||
| 020 | _a020187878X | ||
| 040 |
_aDLC _cDLC _dBD-DhUAP _bEng |
||
| 082 | 0 | 0 |
_223 _a520 COS |
| 100 | _aHawking, Stephen. | ||
| 245 |
_aThe cosmic perspective / _cJeffrey Bennett ...[et al.]. |
||
| 260 |
_aNew York : _bWesley longman, _c©1999. |
||
| 300 |
_axxi, 698 pages : _billustrations ; _c28 cm. |
||
| 504 | _aIncludes bibliographical references and index. | ||
| 650 | _aAstronomy. | ||
| 700 | _aBennett, Jeffrey | ||
| 942 | 0 | 0 |
_01 _2ddc _cBK |